Dnevnik kni︠a︡zi︠a︡ imperatorskoĭ krovi Olega Konstantinovicha, 1900-1914 gg. /
Saved in:
| Main Author: | |
|---|---|
| Other Authors: | |
| Format: | Book |
| Language: | Russian |
| Published: |
Moskva :
Buki Vedi,
2016.
|
| Series: | Bumagi Konstantinovicheĭ Doma Romanovykh.
|
| Subjects: |
Oleg Konstantinovich,
> Prince, son of K. R. (Konstantin Romanov), Grand Duke of Russia,
> 1892-1914.
|
| Online Access: | The Anne and Joseph Trachtman Memorial Book Fund Home Page |
| Tags: |
Add Tag
No Tags, Be the first to tag this record!
|
| LEADER | 04619cam a2200709 i 4500 | ||
|---|---|---|---|
| 001 | 13048430 | ||
| 005 | 20180219162351.0 | ||
| 008 | 160405s2016 ru af b 001 0arus c | ||
| 019 | |a 950002383 |a 970034293 | ||
| 020 | |a 9785446509805 | ||
| 020 | |a 5446509803 | ||
| 035 | |a (OCoLC)ocn959539332 | ||
| 035 | |a (OCoLC)959539332 |z (OCoLC)950002383 |z (OCoLC)970034293 | ||
| 035 | |a (NNC)13048430 | ||
| 040 | |a YUS |b eng |e rda |c YUS |d OCLCO |d CGU |d EVIEW |d HLS |d CGU |d IUL |d UIU |d OCLCQ |d OCLCF |d YDX |d PAU | ||
| 042 | |a pcc | ||
| 043 | |a e-ur--- | ||
| 050 | 4 | |a DK254.O4 |b A3 2016 | |
| 082 | 0 | 4 | |a 947.083092 |b Ol24 |2 23 |
| 100 | 0 | |6 880-01 |a Oleg Konstantinovich, |c Prince, son of K. R. (Konstantin Romanov), Grand Duke of Russia, |d 1892-1914, |e author. | |
| 240 | 1 | 0 | |a Diaries. |k Selections |
| 245 | 1 | 0 | |6 880-02 |a Dnevnik kni︠a︡zi︠a︡ imperatorskoĭ krovi Olega Konstantinovicha, 1900-1914 gg. / |c sostavitelʹ, avtor predislovii︠a︡, kommentariev i biograficheskogo spravochnika T.A. Lobashkova. |
| 246 | 1 | 8 | |6 880-03 |a Kni︠a︡zʹ imperatorskoĭ krovi Oleg Konstantinovich |
| 264 | 1 | |6 880-04 |a Moskva : |b Buki Vedi, |c 2016. | |
| 300 | |a 559 pages, 8 unnumbered pages of plates : |b illustrations ; |c 22 cm. | ||
| 336 | |a text |b txt |2 rdacontent | ||
| 337 | |a unmediated |b n |2 rdamedia | ||
| 338 | |a volume |b nc |2 rdacarrier | ||
| 490 | 1 | |6 880-05 |a Bumagi Konstantinovicheĭ Doma Romanovykh | |
| 504 | |a Includes bibliographical references and index. | ||
| 600 | 0 | 0 | |6 880-06 |a Oleg Konstantinovich, |c Prince, son of K. R. (Konstantin Romanov), Grand Duke of Russia, |d 1892-1914. |
| 600 | 0 | 0 | |6 880-07 |a Oleg Konstantinovich, |c Prince, son of K. R. (Konstantin Romanov), Grand Duke of Russia, |d 1892-1914 |v Diaries. |
| 600 | 3 | 0 | |a Romanov, House of |x History |y 20th century |v Sources. |
| 600 | 0 | 4 | |6 880-08 |a Oleg Konstantinovich, |c Prince, son of K. R. (Konstantin Romanov), Grand Duke of Russia, |d 1892-1914. |
| 600 | 0 | 4 | |6 880-09 |a Oleg Konstantinovich, |c Prince, son of K. R. (Konstantin Romanov), Grand Duke of Russia, |d 1892-1914 |v Diaries. |
| 600 | 0 | 7 | |a Oleg Konstantinovich, |c Prince, son of K. R. (Konstantin Romanov), Grand Duke of Russia, |d 1892-1914. |2 fast |0 (OCoLC)fst01949990 |
| 600 | 3 | 7 | |a Romanov, House of. |2 fast |0 (OCoLC)fst00214656 |
| 650 | 0 | |a Nobility |z Russia |v Diaries. | |
| 650 | 0 | |a Nobility |z Russia |v Biography. | |
| 651 | 0 | |a Russia |x History |y Nicholas II, 1894-1917 |v Sources. | |
| 650 | 7 | |a Nobility. |2 fast |0 (OCoLC)fst01038255 | |
| 651 | 7 | |a Russia. |2 fast |0 (OCoLC)fst01207312 | |
| 648 | 7 | |a 1894-1999 |2 fast | |
| 655 | 7 | |a Biography. |2 fast |0 (OCoLC)fst01423686 | |
| 655 | 7 | |a Diaries. |2 fast |0 (OCoLC)fst01423794 | |
| 655 | 7 | |a History. |2 fast |0 (OCoLC)fst01411628 | |
| 655 | 7 | |a Sources. |2 fast |0 (OCoLC)fst01423900 | |
| 700 | 1 | |6 880-10 |a Lobashkova, T. A., |e editor, |e writer of added commentary. | |
| 830 | 0 | |6 880-11 |a Bumagi Konstantinovicheĭ Doma Romanovykh. | |
| 856 | 4 | 2 | |3 The Anne and Joseph Trachtman Memorial Book Fund Home Page |u http://hdl.library.upenn.edu/1017.12/366327 |
| 880 | 0 | |6 100-01 |a Олег Константинович, |c Prince, son of К. Р. (Константин Романов), Grand Duke of Russia, |d 1892-1914, |e author. | |
| 880 | 1 | 0 | |6 245-02 |a Дневник князя императорской крови Олега Константиновича, 1900-1914 гг. / |c составитель, автор предисловия, комментариев, биографического справочника Т.А. Лобашкова. |
| 880 | 1 | 8 | |6 246-03 |a Князь императорской крови Олег Константинович |
| 880 | 1 | |6 264-04 |a Москва : |b Буки Веди, |c 2016. | |
| 880 | 1 | |6 490-05 |a Бумаги Константиновичей Дома Романовых | |
| 880 | 0 | 4 | |6 600-06 |a Олег Константинович, |c Prince, son of К. Р. (Константин Романов), Grand Duke of Russia, |d 1892-1914. |
| 880 | 0 | 4 | |6 600-07 |a Олег Константинович, |c Prince, son of К. Р. (Константин Романов), Grand Duke of Russia, |d 1892-1914 |v Diaries. |
| 880 | 0 | 4 | |6 600-08 |a Олег Константинович, |c Prince, son of К. Р. (Константин Романов), Grand Duke of Russia, |d 1892-1914. |
| 880 | 0 | 4 | |6 600-09 |a Олег Константинович, |c Prince, son of К. Р. (Константин Романов), Grand Duke of Russia, |d 1892-1914 |v Diaries. |
| 880 | 1 | |6 700-10 |a Лобашкова, Т. А, |e editor, |e writer of added commentary. | |
| 880 | 0 | |6 830-11 |a Бумаги Константиновичей Дома Романовых. | |
| 852 | 0 | 0 | |b off,glx |h DK254.O4 |i A3 2016g |


